Efektívnosť priemyslu v regiónoch SR z pohľadu skrytých vzťahov inauguračná prednáška

Enregistré dans:
Détails bibliographiques
Auteur principal: Vojtková, Mária, 1966-
Collectivité auteur: Ekonomická univerzita v Bratislave. Fakulta hospodárskej informatiky
Format: Livre
Langue:slovaque
Publié: Bratislava 2012
Collection:Habilitačné a inauguračné prednášky
Sujets:
Tags: Ajouter un tag
Pas de tags, Soyez le premier à ajouter un tag!

MARC

LEADER 00000nam$a2200000$$$4500
001 0156639
005 20240502072733.1
020 |a 978-80-225-3419-2 
041 0 |a slo 
044 |a SK 
245 1 0 |a Efektívnosť priemyslu v regiónoch SR z pohľadu skrytých vzťahov  |b inauguračná prednáška  |c Mária Vojtková 
264 1 |a Bratislava  |c 2012 
300 |a 53 s. 
490 1 |a Habilitačné a inauguračné prednášky 
830 0 |a Habilitačné a inauguračné prednášky 
610 2 0 |a priemysel 
610 2 0 |a efektívnosť 
610 2 0 |a regióny 
610 2 0 |a Slovensko 
610 2 0 |a analýza faktorová 
100 1 |a Vojtková, Mária, 1966- 
710 2 |a Ekonomická univerzita v Bratislave. Fakulta hospodárskej informatiky